[Event "EU-Cup 32nd"]
[Site "Novi Sad"]
[Date "2016.11.07"]
[Round "2.1"]
[White "Mamedov, Rauf"]
[Black "Postny, Evgeny"]
[Result "1-0"]
[WhiteElo "2684"]
[BlackElo "2616"]
[Annotator "Postny,E"]
[PlyCount "103"]
[EventDate "2016.11.06"]
[EventType "team-swiss"]
[EventRounds "7"]
[EventCountry "SRB"]
[SourceTitle "CBM 176"]
[Source "ChessBase"]
[SourceDate "2017.01.17"]
[SourceVersion "1"]
[SourceVersionDate "2017.01.17"]
[SourceQuality "1"]
[WhiteTeam "Odlar Yurdu"]
[BlackTeam "Beer Sheva"]
[WhiteTeamCountry "AZE"]
[BlackTeamCountry "ISR"]

1. e4 c6 2. Nc3 d5 3. Nf3 {Deviating from the main paths of the Caro-Kann.} Bg4
(3... Nf6 4. e5 Ne4 {This can lead to a sharp battle. Here is one recent
"heavyweight" example:} 5. Ne2 Qb6 6. d4 e6 7. Nfg1 f6 8. f3 Ng5 9. exf6 gxf6
10. f4 Ne4 11. Ng3 Bd7 12. Nxe4 dxe4 13. c3 Na6 14. Qh5+ Kd8 $13 {0-1 (46)
Vachier Lagrave,M (2819)-Anand,V (2770) Saint Louis 2016}) 4. h3 Bxf3 5. Qxf3
Nf6 6. d3 e6 7. Qg3 {White has a lot of options here. Just to name a few: 7.
Bd2, 7.g3, 7.a3, 7.Be2. The move in the game is directed to prevent Blacks'
smooth development. On the other hand the queen on g3 is not necessarily well
placed.} g6 (7... Nh5 8. Qh2 {is a funny move, which eventually brought a
victory to Arkady Naiditsch.} ({After} 8. Qf3 {Black can repeat:} Nf6) 8... Bb4
9. Be2 Nf6 10. O-O O-O 11. e5 Nfd7 $13 {1-0 (45) Naiditsch,A (2667)-Yuffa,D 
(2502) Jerusalem 2016}) (7... Nbd7) ({and} 7... Qb6 {are the other
possibilities.}) 8. Be2 Bg7 9. Bf4 $146 (9. O-O O-O 10. Re1 Qa5 11. Bf4 $6 (11.
Bd2 $11) 11... d4 12. e5 dxc3 13. exf6 Bxf6 14. b3 Nd7 $15 {1/2-1/2 (54) Anton
Guijarro,D (2634)-Navara,D (2734) Berlin 2015}) 9... O-O 10. Bd6 {The bishop
sneaks into Black's camp, but it's not so frightening.} Re8 11. e5 Nfd7 12. d4
(12. h4 c5 13. h5 Nc6 14. hxg6 fxg6 15. Qh3 Ndxe5 16. Bxc5 (16. Qxh7+ $2 Kf7
$17 {[%cal Ge8h8]}) 16... Nd7 {Black can actually ignore the threat to the
h7-pawn.}) 12... c5 {This move had to be played as soon as possible. Black's
position is good from the strategic point of view, but as long as he is
cramped, he can't be happy.} 13. dxc5 Nc6 14. O-O (14. f4 Qa5 15. O-O-O (15.
O-O Nxc5 16. Qf2 Bf8 17. Bxf8 Rxf8 $11) 15... Nxc5 16. h4 h5 $13) 14... Bxe5 (
14... Ndxe5 {seems to be more precise. I wanted to get rid of that annoying
bishop on d6, but eventually a knight replaced it.} 15. Rad1 Rc8 {followed by
16...Qa5 or 16...Qf6 only Black is the one that can be better here.}) 15. Bxe5
Ndxe5 16. b4 Qf6 17. Nb5 Red8 ({It's not so good to sacrifice an exchange:} 
17... Nxb4 $6 18. Nc7 Nxc2 19. Rab1 Nd4 20. Rfe1 {[%csl Rb7] White's rooks
will have enough open files and the b7-pawn would be captured.}) 18. c3 a6 $6 {
After a long period of thought I didn't make the best decision.} (18... a5 19.
a3 {only improves White's position.}) (18... b6 {makes some sense, but it's a
pity to allow White to get rid of his doubled pawns, even though the c5-pawn
is quite strong and supports the d6-outpost for White's knight. The game could
continue} 19. cxb6 axb6 20. a4 {and the a-pawn may become a strong passer in
the future.}) (18... Ne7 $1 {was the best move. I didn't see a good reason to
move my knight from c6, but in fact it's good to bring it to f5, where it will
harass the queen and keep the d6-square under control. The other knight could
go to c6, if necessary. For instance} 19. Nd6 (19. Nd4 N5c6 20. Rfd1 a5 $11)
19... Nf5 ({It also makes sense to undermine White's knight by} 19... b6 20.
Rfe1 bxc5 21. Nb7 Nf5 22. Qf4 Rdc8 23. Nxc5 g5 24. Qd2 {with chances for both
sides.}) 20. Nxf5 Qxf5 ({After} 20... exf5 21. Qe3 d4 22. cxd4 Rxd4 {Black has
sufficient dynamic resources, which compensate for the structure.}) 21. Rfe1
Qf6 $13) 19. Nd6 b6 20. f4 ({In the event of} 20. Rfe1 Ne7 {bringing the
knight to f5, when necessary.} (20... bxc5 $6 21. Nb7 Rdc8 22. Nxc5 $14) 21.
Bxa6 Rxa6 22. Rxe5 bxc5 23. Nb7 Rc8 24. Nxc5 Ra3 {with sufficient play for the
pawn.}) 20... Nd7 21. f5 Qe5 22. Qxe5 Ndxe5 $2 {Wrong recapture! It was
important to keep the knight on d7 to attack the pawn on c5 - the supporter of
White's knight on d6.} (22... Ncxe5 23. fxe6 fxe6 24. cxb6 Rab8 $1 {I missed
this move in my preliminary calculations, that's why I rejected 22...Ncxe5.} (
24... Nxb6 $2 25. Nb7 Rdc8 26. Nc5 $16) 25. b7 Nb6 26. b5 $5 (26. Nc8 Nxc8 27.
bxc8=Q Rdxc8 28. Bxa6 Rxc3 $11) 26... a5 $1 27. Nc8 Nxc8 28. bxc8=Q Rdxc8 $11)
23. fxe6 fxe6 24. Rae1 {The pawn on e6 is now vulnerable, while I can't get
rid of the annoying knight on d6.} (24. Rf6 bxc5 25. Nb7 $1 Re8 26. Nxc5 {
is also better for White, though after} a5 {Black is still in the game.}) 24...
Rd7 25. Bg4 Nxg4 26. hxg4 e5 27. Rf6 bxc5 28. bxc5 Rc7 29. g5 $1 {Fixing the
flank and securing the rook on f6. In some lines Black's king might even find
itself in a mating net.} e4 (29... Rf8 30. Re6 $16) 30. c4 $6 {A tempting move
to ruin Black's pawn chain, but it was far more accurate to start with 30.Re6.}
(30. Re6 $1 $16 {Now, besides c3-c4, White also has the unpleasant idea Nd6-e8.
}) 30... Nb4 $6 {Wrong route for the knight.} (30... Ne5 $1 {was my chance to
escape.} 31. cxd5 Rxc5 32. Nxe4 Rxd5 33. Rxg6+ (33. Rc1 Rdd8 $1 34. Re6 Ng4 {
and Black is out of danger}) 33... Nxg6 34. Nf6+ Kg7 35. Nxd5 Rd8 {and Black
will hold it easily. White's extra pawn is of a very little significance, very
little material is left on the board.}) 31. cxd5 Nxd5 32. Re6 Nc3 $2 {This is
already the decisive mistake.} (32... Rxc5 $2 33. Nxe4 ({White doesn't win a
piece after} 33. Re5 $2 e3 34. Ne4 Rc4 $1 $11) 33... Rc4 34. Re5 Kh8 $1 35. Nd6
$1 (35. Rxd5 $2 Re8 {winning back the piece}) 35... Rd4 36. Nf7+ Kg7 37. Nh6 {
[%cal Ge5e6,Ge6d6] and Black's king is in trouble. Eventually one or both of
White's rooks will get to the seventh rank.}) ({It was necessary to push the
pawn forward:} 32... e3 $1 33. Rc1 Rd8 {and Black holds according to an engine,
though for a human player it's not easy here.}) 33. Re5 $18 {Now I can't
attack the pawn on c5, while my pawn on e4 is going to be lost very soon.} Rd8
(33... Nxa2 34. Ne8 Rf7 35. Nf6+ Kg7 36. R5xe4 a5 37. c6 a4 38. Re8 $18) 34. a3
h6 {Time trouble desperation, but the alternatives are not better.} ({After} 
34... Rdd7 {the most practical for White would be to get his king into play}
35. Kf2) 35. gxh6 Kh7 36. Re3 Nb5 37. Nxe4 {Now it's completely lost for Black.
} Kxh6 38. Ng5 Rd1+ 39. Kh2 Rc6 (39... Nd4 40. Rh3+ Kg7 41. Rd5 Nf3+ 42. Rxf3
Rxd5 43. Ne6+ $18) 40. Ne6 (40. Rh3+ Kg7 41. Rh7+ Kf6 42. Rhe7 $1 {[%cal Gg5h7]
was a forced mate.}) 40... Kh7 41. Rf3 Nd4 42. Rf7+ Kh6 43. Nf8 Nf5 44. g4 Rd2+
45. Kg1 Ng7 (45... Rc8 46. gxf5 Rb8 47. Re1 Rbb2 48. fxg6 Rg2+ 49. Kf1 $18) 46.
g5+ Kh5 47. Rxg7 Rc8 48. Nd7 Kg4 49. Rf7 Rd1+ 50. Kf2 Rh8 51. Re4+ Kxg5 52. Ne5
1-0

[Event "Kolkata op 4th"]
[Site "Kolkata"]
[Date "2009.09.05"]
[Round "5"]
[White "Short, Nigel D"]
[Black "Postny, Evgeny"]
[Result "1/2-1/2"]
[WhiteElo "2706"]
[BlackElo "2651"]
[Annotator "Postny,E"]
[PlyCount "111"]
[EventDate "2009.09.01"]
[EventType "swiss"]
[EventRounds "10"]
[EventCountry "IND"]
[SourceTitle "CBM 132"]
[Source "ChessBase"]
[SourceDate "2009.09.16"]
[SourceVersion "1"]
[SourceVersionDate "2009.09.16"]
[SourceQuality "1"]

{So far I already played with numerous players from the 2700+ "top club".
However, this was my first encounter versus a former challenger for the world
championship title.} 1. e4 c6 2. Nf3 d5 3. Nc3 {It was not difficult to
predict Nigel's choice against the Caro Kann. In round three he outplayed
Merab Gagunashvili in this line.} Bg4 4. h3 Bh5 5. d4 {Avoiding the main lines.
} ({The principled line that Black has to be prepared for is:} 5. exd5 cxd5 6.
Bb5+ Nc6 7. g4 Bg6 8. Ne5 Rc8 9. d4) 5... e6 ({It is extremely dangerous to
grab the central pawn:} 5... dxe4 $6 6. Nxe4 Bxf3 7. Qxf3 Qxd4 8. Be3 Qxb2 9.
Bc4 Qb4+ (9... Nf6 10. O-O $36 {[%cal Ga1b1]}) 10. Nd2 Nf6 11. Rb1 Qd6 12. Rxb7
$16 {1-0 Short,N (2683)-Adianto,U (2584)/Internet 2000/CBM 076 (49)}) 6. Bd3
Nf6 (6... dxe4 7. Nxe4 Nd7 {followed by 8...Ngf6 is a solid option. Black's
position is slightly worse, but free of weaknesses.}) 7. e5 $1 {White should
go for this. Otherwise, Black will easily equalise by exchanging on e4,
followed by transferring the queenside knight to f6.} Nfd7 8. g4 Bg6 9. Bxg6
hxg6 10. Ne2 c5 11. c3 {The game has transposed to a French type of position.
The absence of light-squared bishops favours Black, but the doubled pawns on
the kingside might be a source of worry for him in the long run.} Nc6 12. Kf1
Qb6 {Later on it's not easy to point out an improvement for Black, so maybe
this move is not the best. The queen actually has nothing to do on b6.} (12...
Nb6 13. Kg2 Be7 {followed by 14...Qd7 and 15...0-0-0 is perhaps a better way
to develop.}) 13. Kg2 Be7 14. Rb1 {During the game I considered this position
as quite playable for Black. However, the doubled pawns on the kingside are a
permanent drawback, meanwhile, it's not easy for Black to get active
counterplay. Short already beat Khalifman in this position some years ago.}
O-O-O $146 (14... a5 15. Be3 a4 16. Nf4 Qa6 17. h4 a3 18. b3 cxd4 19. cxd4 Nb4
20. Qd2 O-O-O 21. Ng5 Bxg5 22. hxg5 Rxh1 23. Rxh1 Nc6 24. Nd3 Kb8 25. Rh3 Qb5
26. Rf3 Rf8 27. Qd1 Qa6 28. Ne1 $16 {1-0 Short,N (2676)-Khalifman,A (2690)/
Merida 2001/CBM 084 (41)}) (14... cxd4 15. cxd4 Rc8 {is a possible alternative.
But then where is the black king going to castle?}) 15. b4 $1 cxd4 (15... c4 $2
{is a strategical mistake as it just gives White a free hand on the kingside.})
16. cxd4 Kb8 17. Bd2 (17. Qa4 $2 {would be met by} Qa6 $1 18. Qxa6 bxa6 {
[%cal Gd7b6,Gb6c4] and Black is fine in the endgame as he can develop his play
on the queenside.}) 17... Rc8 (17... f6 $2 18. exf6 gxf6 19. Nf4 $16) 18. Re1
a6 19. Qb3 {Black's main problem in this position is a lack of space. I don't
have good squares for my knights.} Na7 (19... f6 $2 {is bad again in view of}
20. exf6 gxf6 21. b5 $1 Qxb5 (21... axb5 22. Nf4 $18) 22. Qe3 $18 {[%csl Re6]})
20. a4 Rc4 21. b5 Rhc8 22. Nf4 Ka8 23. Nd3 a5 {I didn't want to play this, but
I simply ran out of useful moves...} 24. Nb2 Rc2 25. Rec1 Rxc1 {I can't keep
control over the c-file, but some exchanges would make my defensive task
somewhat easier.} 26. Bxc1 Qc7 27. Bd2 b6 {The position is closed, so it's
time for some manouevres when both sides are trying to improve their piece
locations. Basically, Black can only wait and see what White will come up with
on the kingside. However, it's still very difficult to break through.} 28. Rc1
Qd8 29. Rc2 Kb8 30. Nd3 g5 {I thought that without this expansion, sooner or
later, the plan with f4-f5 would be difficult to resist.} 31. Qb1 f6 {Now, at
least, I get some space.} 32. Qc1 Nf8 33. Nfe1 Kb7 34. f4 gxf4 35. Bxf4 Rxc2+
36. Qxc2 Qc8 (36... f5 $5 {was an interesting option to go for active
counterplay, but couldn't really solve the problem. For instance:} 37. gxf5
exf5 38. Bc1 g5 (38... Ne6 39. Qf2 g6 40. Nf4 Nxf4+ 41. Bxf4 g5 42. Bc1 Qd7 43.
Qf3 $16 {[%csl Ya7]}) 39. Nf2 Qd7 40. Nf3 Ne6 41. Kg3 f4+ 42. Kg2 $16) 37.
Qxc8+ Kxc8 38. Nf3 Kd7 39. h4 Nc8 40. h5 $6 (40. exf6 $1 gxf6 41. g5 {This was
the plan that concerned me during the game.} fxg5 (41... Ng6 42. Kh3 Nxf4+ 43.
Nxf4 fxg5 44. hxg5 Bf8 45. Ne5+ Kd6 46. Nc6 $18 {[%cal Gh3g4,Gg4h5]}) 42. hxg5
Nd6 43. Nde5+ Ke8 44. g6 Nf5 45. Kh3 Bf6 46. Kg4 {I really doubt that Black
can hold this position.}) 40... Nh7 {Now it's difficult for White to carry out
the g4-g5 advance.} 41. Be3 Bd8 42. Kh3 Ke8 43. Nf4 Kf7 44. Ng6 $2 {The knight
goes astray.} (44. Kg3 Be7 45. Nh3 {followed by g4-g5 was the right plan.})
44... Ng5+ $1 45. Nxg5+ $6 {Nigel was definitely disappointed by his last move,
but it was still possible to play for a win.} (45. Kg2 Ne4 {The knight got to
e4, a huge improvement for Black.} 46. Nf4 Nc3 (46... Bc7 $1 {is correct and
Black should hold.}) 47. exf6 Bxf6 (47... gxf6 48. h6 $16) 48. g5 Be7 49. Ne5+
Kg8 50. Nxe6 Nxa4 51. g6 $16) 45... fxg5 {Now it is a fortress. The white
knight can't come out and there is no way to make progress.} 46. Kg2 Kg8 47.
Kf3 Kf7 48. Ke2 Kg8 49. Kd3 Kf7 50. Bc1 Ke8 51. Ba3 Ne7 52. Bd6 Nxg6 53. hxg6
Be7 54. Bc7 Bd8 55. Bxd8 Kxd8 56. Ke2 1/2-1/2

[Event "EU-ch 13th"]
[Site "Plovdiv"]
[Date "2012.03.28"]
[Round "8"]
[White "Vallejo Pons, Francisco"]
[Black "Khairullin, Ildar"]
[Result "1-0"]
[WhiteElo "2693"]
[BlackElo "2626"]
[Annotator "Postny,E"]
[PlyCount "167"]
[EventDate "2012.03.20"]
[EventType "swiss"]
[EventRounds "11"]
[EventCountry "BUL"]
[SourceTitle "CBM 148"]
[Source "ChessBase"]
[SourceDate "2012.05.16"]
[SourceVersion "1"]
[SourceVersionDate "2012.05.16"]
[SourceQuality "1"]

1. e4 c6 2. Nc3 {Avoiding the main Caro-Kann.} d5 3. Nf3 Nf6 (3... Bg4 {
is the main continuation.}) 4. e5 Ne4 5. d4 (5. Ne2 Qb6 6. d4 c5 $6 ({A safer
option is} 6... e6 7. Nfg1 $5 f6 8. f3 Ng5 $13) 7. dxc5 Qxc5 8. Ned4 Nc6 9. Bb5
Bd7 10. O-O e6 11. Be3 Qb4 12. c4 Qxb2 13. cxd5 Nc3 14. dxe6 $3 Nxd1 15. exd7+
Kd8 16. Raxd1 Nxd4 17. Nxd4 Bc5 18. Bc4 Bxd4 19. Bxd4 Qc2 20. Bxf7 $18 {
1-0 Svetushkin,D (2554)-Landa,K (2635)/Rijeka 2010/CBM 136 (32)}) 5... Nxc3 6.
bxc3 Bg4 {Before playing e7-e6 it's logical to get rid of this bishop.} ({
In case of} 6... Bf5 $6 7. Nh4 {is unpleasant.}) 7. h3 Bxf3 8. Qxf3 {The
players have got out of the main theoretical lines, the position is quite
"fresh".} e6 9. h4 (9. Bd3 $6 Qa5 10. Bd2 Qa4 $1 $132 {A typical manoeuvre for
this "French" structure.}) 9... h5 (9... Qa5 10. a4 $1 $14) 10. a4 {Vallejo is
playing on both flanks, trying to seize as much space as possible.} Be7 $6 {
This is too slow. The advance c6-c5 is Black's only active plan and he
shouldn't delay it.} (10... c5 11. Rb1 Qc7 12. Bb5+ (12. c4 Nc6 $1 13. cxd5
Nxd4 $132) 12... Nc6 13. O-O Be7 ({In the event of} 13... a6 $6 14. Bxc6+ Qxc6
15. Bg5 {Black has difficulties completing his development.}) 14. Qg3 g6 $11)
11. Rb1 Qc7 12. c4 $1 Nd7 (12... Qa5+ $2 13. Bd2 Qxa4 14. Qc3 $1 {[%csl Ra4]
[%cal Gb1a1]} dxc4 15. Rxb7 Qa6 16. Rb1 $16 {[%cal Gf1c4]}) 13. Rh3 $6 (13. Bd2
{is more natural and stronger.} Nb6 (13... Rb8 14. cxd5 cxd5 15. Bd3 g6 16. Rh3
Nb6 17. Ba5 $16) 14. c5 Nd7 15. c4 dxc4 16. Bxc4 b6 17. cxb6 axb6 18. O-O Rxa4
19. Rfc1 $16) 13... Rb8 $1 14. c3 (14. Bd2 dxc4 $1 15. Bxc4 c5 16. d5 Nxe5 17.
Qg3 O-O 18. dxe6 fxe6 19. Bxe6+ Kh8 20. Bc3 Bf6 21. Kf1 Rbe8 22. Bxe5 Qxe5 23.
Qxe5 Bxe5 $11) 14... g6 15. Bd2 Nb6 16. c5 Nxa4 $5 {Principled, but risky.
Khairullin had to be aware that after this move the knight is a goner.} (16...
Nc4 17. Bxc4 dxc4 18. Bg5 (18. Qe2 b6 $1 19. Qxc4 bxc5 20. Rxb8+ Qxb8 $132) (
18. Kf1 Qd8 19. Qe2 Bxh4 20. Qxc4 Be7 {Black's position is somewhat squeezed,
but at some point the b7-b6 push will give him counterplay.}) 18... Bxg5 19.
hxg5 Qd8 (19... b5 $2 20. Qf6 Rf8 21. axb5 Rxb5 22. Rxb5 cxb5 23. d5 $1 exd5
24. c6 Qd8 25. Qd6 $18) 20. Qf6 Qxf6 21. gxf6 b6 $11) 17. c4 Nxc5 $2 {It's
true that the knight will never come back into the game, but there was no
reason to get rid of it so early. Instead, Black could put a certain pressure
along the d-file and wait for a more suitable moment to sacrifice the knight.}
(17... dxc4 18. Bxc4 Rd8 (18... b5 $2 19. Bb3 Rd8 20. Qe4 Qd7 21. Ba5 Qxd4 22.
Qxc6+ Kf8 23. Bxd8 $18) 19. Qb3 (19. Qe4 $2 Qd7 20. Rd3 b5 {and White has to
free the knight in view of the threat ...Nxc5.}) (19. Qf4 Qd7 20. Rf3 O-O 21.
Bb3 b5 22. Ba5 Qxd4 23. Bxd8 Qxd8 24. Bxa4 bxa4 25. Qxa4 Bxc5 $14) 19... Rxd4
20. Qxa4 Qxe5+ 21. Be3 Qe4 22. Rc1 Bxc5 {The position is too messy to give it
an exact estimation.}) 18. dxc5 Qxe5+ 19. Be2 $18 {[%cal Gd2f4] In such an
open position the bishop is clearly better than three pawns.} Qc7 20. Qc3 $6 (
20. Bc3 O-O 21. Qe3 Rbd8 22. Be5 Qa5+ 23. Kf1 {[%cal Ge3h6]} Kh7 24. Rxb7 $18)
20... e5 21. Qa5 $6 {Not the best version of swapping queens.} (21. cxd5 cxd5
22. c6 Bd6 23. cxb7 Rxb7 24. Rxb7 Qxb7 25. Qb3 Qxb3 26. Rxb3 $18) 21... b6 22.
Rhb3 $1 O-O {Of course, the queen capture would lead to a disaster for Black.}
23. cxb6 axb6 24. Rxb6 Ra8 25. Ra6 Qxa5 26. Rxa5 Bxh4 {Actually this is an
important pawn. Black has chances to hold.} 27. cxd5 Rxa5 28. Bxa5 cxd5 29. Rb5
e4 {[%cal Ge4e3]} 30. g3 Bf6 31. Rxd5 Rc8 32. Kf1 Kg7 33. Bd2 {I would put the
rook on seventh rank and then see what happens.} Rd8 34. Bc4 Rc8 35. Bb3 Rb8
36. Bc2 Re8 37. Bf4 Re7 38. Rc5 Bb2 39. Rb5 Ba1 40. Ra5 Bc3 41. Ra3 Bb2 42. Rb3
Ba1 43. Bd6 $6 (43. Rb6 f5 44. Bg5 {preventing the idea ...Bf6 followed by h4
- this occurred in the game later on.}) 43... Rd7 44. Rb6 Bd4 45. Rc6 f5 46.
Ba4 Ra7 47. Rc4 Bf6 48. Be8 h4 49. g4 $2 {This allows Black to exchange all
White's remaining pawns.} (49. gxh4 Bxh4 50. Bc5 {and it's going to be a long
torture. For White it's important to keep even one pawn for improving his
winning chances.}) 49... fxg4 50. Rxe4 g3 $1 51. fxg3 hxg3 {Black has achieved
his goal of eliminating all his opponent's pawns, but his defensive task is
still difficult.} 52. Kg2 Ra5 53. Bxg3 Rg5 54. Ba4 Ra5 55. Rc4 Be5 56. Bf2 Bd6
57. Bd4+ Be5 58. Be3 Rd5 59. Bc2 Rd6 60. Kf3 Re6 61. Re4 Re7 62. Ra4 Bf6 $2 ({
It's necessary for Black to defend the Pg6 by the rook across the sixth rank:} 
62... Rc7 63. Bd3 Rd7 64. Ke2 Rf7 65. Rg4 Rf6) 63. Rg4 {Now Black is forced to
make a serious concession and weaken the light squares.} g5 64. Rg2 Re8 65. Bd3
Rf8 66. Kg4 {This position seems to be winning, sooner or later White's pieces
will surround Black's king.} Re8 67. Rg3 Rd8 68. Bf5 Ra8 69. Rg2 Ra4+ 70. Kf3
Ra3 71. Rg4 Ra5 72. Bc2 Re5 73. Rc4 Re7 74. Be4 Rf7 75. Kg4 Re7 76. Ra4 Re8 77.
Bc5 Re5 78. Ba3 Re8 79. Ra7+ Kh8 80. Bf5 Rd8 81. Kh5 {Finally the king
penetrates and it's a mating attack.} Bd4 82. Rh7+ Kg8 83. Kg6 Re8 84. Be7 1-0